Trial run / (Record no. 1210)

000 -LEADER
fixed length control field 00894nam a22003017a 4500
001 - CONTROL NUMBER
control field 1320368
003 - CONTROL NUMBER IDENTIFIER
control field OSt
005 - DATE AND TIME OF LATEST TRANSACTION
control field 20210426113956.0
008 - FIXED-LENGTH DATA ELEMENTS--GENERAL INFORMATION
fixed length control field 781130r1978 nyubf 000 1 eng
010 ## - LIBRARY OF CONGRESS CONTROL NUMBER
LC control number 78020204
020 ## - INTERNATIONAL STANDARD BOOK NUMBER
International Standard Book Number 0060113839 :
Terms of availability $10.00
040 ## - CATALOGING SOURCE
Original cataloging agency DLC
Transcribing agency DLC
Modifying agency DLC
050 00 - LIBRARY OF CONGRESS CALL NUMBER
Classification number PZ4.F817
Item number Tr 1978
Classification number PR6056.R27
080 ## - UNIVERSAL DECIMAL CLASSIFICATION NUMBER
Universal Decimal Classification number 821.111
Item number F-85
082 00 - DEWEY DECIMAL CLASSIFICATION NUMBER
Classification number 823/.9/14
100 1# - MAIN ENTRY--PERSONAL NAME
Personal name Francis, Dick.
245 10 - TITLE STATEMENT
Title Trial run /
Statement of responsibility, etc. Dick Francis.
250 ## - EDITION STATEMENT
Edition statement 1st U.S. ed.
260 ## - PUBLICATION, DISTRIBUTION, ETC.
Place of publication, distribution, etc. New York :
Name of publisher, distributor, etc. Harper & Row,
Date of publication, distribution, etc. c1978.
300 ## - PHYSICAL DESCRIPTION
Extent 246 p., [2] leaves of plates :
Other physical details map ;
Dimensions 21 cm.
365 ## - TRADE PRICE
Price type code 8.95 USD
500 ## - GENERAL NOTE
General note "A Joan Kahn book."
650 #0 - SUBJECT ADDED ENTRY--TOPICAL TERM
Topical term or geographic name entry element Horse racing
General subdivision Fiction.
653 ## - INDEX TERM--UNCONTROLLED
Uncontrolled term ინგლისური ლიტერატურა
655 #7 - INDEX TERM--GENRE/FORM
Genre/form data or focus term Detective and mystery stories.
Source of term gsafd
906 ## - LOCAL DATA ELEMENT F, LDF (RLIN)
a 7
b cbc
c orignew
d 1
e ocip
f 19
g y-gencatlg
942 ## - ADDED ENTRY ELEMENTS (KOHA)
Source of classification or shelving scheme
Koha item type Books
Holdings
Withdrawn status Lost status Source of classification or shelving scheme Damaged status Not for loan Permanent location Current location Date acquired Inventory number Total Checkouts Full call number Barcode Date last seen Price effective from Koha item type
          Ken Walker International University Ken Walker International University 02/04/2021 1310   821.111 F-85 1310 02/04/2021 02/04/2021 Books

Powered by Koha